<?xml version="1.0" encoding="UTF-8"?>
<resp>
  <nextPage>https://data.bn.org.pl/api/networks/bibs.marcxml?marc=001+b00001150003920&amp;sinceId=1150003921</nextPage>
  <collection>
    <record xmlns='http://www.loc.gov/MARC21/slim'><leader>01170namZa2200349ZiZ4500</leader><controlfield tag='001'>b00001150003920</controlfield><controlfield tag='005'>20260401103538.9</controlfield><controlfield tag='008'>230609s        pl           |000 0 pol c</controlfield><controlfield tag='009'>9913261914805606</controlfield><datafield ind1=' ' ind2=' ' tag='020'><subfield code='a'>838638574X</subfield></datafield><datafield ind1=' ' ind2=' ' tag='035'><subfield code='a'>KR_1KR_1_20120318002231047117-48omnis_kr</subfield></datafield><datafield ind1=' ' ind2=' ' tag='035'><subfield code='a'>KR_1_20120318002231047117</subfield><subfield code='9'>ExL</subfield></datafield><datafield ind1=' ' ind2=' ' tag='035'><subfield code='a'>(PL)b00001150003920</subfield></datafield><datafield ind1=' ' ind2=' ' tag='040'><subfield code='a'>KR_1</subfield><subfield code='c'>KR_1</subfield></datafield><datafield ind1='0' ind2=' ' tag='041'><subfield code='a'>pol</subfield></datafield><datafield ind1='1' ind2=' ' tag='100'><subfield code='a'>Inglot, Jacek</subfield></datafield><datafield ind1='1' ind2='0' tag='245'><subfield code='a'>Zrozumieć Mickiewicza :</subfield><subfield code='b'>przewodnik literacki dla uczniów szkół podstawowych i średnich /</subfield><subfield code='c'>Jacek Inglot.</subfield></datafield><datafield ind1=' ' ind2=' ' tag='260'><subfield code='a'>Wrocław :</subfield><subfield code='b'>&quot;Astrum&quot;,</subfield><subfield code='c'>1996.</subfield></datafield><datafield ind1=' ' ind2=' ' tag='300'><subfield code='a'>168 s. ;</subfield><subfield code='c'>21 cm.</subfield></datafield><datafield ind1='1' ind2=' ' tag='490'><subfield code='a'>Cicerone</subfield></datafield><datafield ind1=' ' ind2=' ' tag='500'><subfield code='a'>dd</subfield></datafield><datafield ind1='1' ind2='9' tag='600'><subfield code='a'>Mickiewicz, Adam (1798-1855)</subfield></datafield><datafield ind1=' ' ind2='9' tag='650'><subfield code='a'>Lektura szkolna</subfield></datafield><datafield ind1=' ' ind2='9' tag='650'><subfield code='a'>Poezja polska</subfield><subfield code='x'>historia</subfield><subfield code='y'>19 w.</subfield></datafield><datafield ind1=' ' ind2=' ' tag='852'><subfield code='b'>48OMNIS_NETWORK</subfield><subfield code='8'>9913261914805606</subfield></datafield><datafield ind1=' ' ind2=' ' tag='852'><subfield code='b'>48OMNIS_WBP</subfield><subfield code='8'>990001123160308414</subfield></datafield><datafield ind1=' ' ind2=' ' tag='852'><subfield code='b'>48OMNIS_KPS</subfield><subfield code='8'>990000488460208415</subfield></datafield><datafield ind1=' ' ind2=' ' tag='852'><subfield code='8'>22744232930008414</subfield><subfield code='j'>1</subfield><subfield code='b'>DGIO</subfield><subfield code='p'>14301-100022103</subfield><subfield code='c'>UBWG</subfield><subfield code='z'>Wariant wydania: 1996</subfield></datafield><datafield ind1=' ' ind2=' ' tag='852'><subfield code='8'>22774243220008415</subfield><subfield code='j'>1</subfield><subfield code='b'>KP</subfield><subfield code='p'>000031476799</subfield><subfield code='c'>CN</subfield><subfield code='z'>N319557</subfield></datafield><datafield ind1=' ' ind2=' ' tag='920'><subfield code='a'>83-86385-74-X</subfield></datafield></record>
  </collection>
</resp>
